| 000 | 00609nam a22001937a 4500 | ||
|---|---|---|---|
| 005 | 20251108164147.0 | ||
| 008 | 250721s1998 xx 000 0 ara d | ||
| 082 | 1 | 4 | _a817/قزي |
| 100 | 1 | _aقزيحة، رياض | |
| 245 | 1 | 0 |
_aالفكاهة و الضحك : _bفي التراث العربي المشرقي / |
| 264 | 1 |
_aبيروت : _bالمكتبة العصرية، _c1998. |
|
| 300 | _a408ص | ||
| 650 | 1 | 7 | _aالأدب العربي |
| 650 | 1 | 7 | _aالفكاهة و النوادر |
| 650 | 1 | 7 | _aالضحك |
| 700 | 1 |
_aالأيوبي، ياسين _eمراجعة |
|
| 942 |
_2ddc _cBK |
||
| 999 |
_c5141 _d5141 |
||